|
|
|
|
| LEADER |
02322cas a2200265 a 4500 |
| 001 |
AALejournalIMF015358 |
| 008 |
230101c9999 xx r poo 0 0eng d |
| 020 |
|
|
|c 5.00 USD
|
| 020 |
|
|
|z 9781513570693
|
| 022 |
|
|
|a 1018-5941
|
| 040 |
|
|
|a BD-DhAAL
|c BD-DhAAL
|
| 100 |
1 |
|
|a Lam, Waikei.
|
| 245 |
1 |
0 |
|a China's Labor Market in the 'New Normal' /
|c Waikei Lam, Xiaoguang Liu, Alfred Schipke.
|
| 264 |
|
1 |
|a Washington, D.C. :
|b International Monetary Fund,
|c 2015.
|
| 300 |
|
|
|a 1 online resource (34 pages)
|
| 490 |
1 |
|
|a IMF Working Papers
|
| 500 |
|
|
|a <strong>Off-Campus Access:</strong> No User ID or Password Required
|
| 500 |
|
|
|a <strong>On-Campus Access:</strong> No User ID or Password Required
|
| 506 |
|
|
|a Electronic access restricted to authorized BRAC University faculty, staff and students
|
| 520 |
3 |
|
|a As China implements reforms under the 'new normal,' maintaining stability in the labor market is a priority. The country's demography and labor dynamics are changing, after benefitting in past decades from ample cheap labor. So far, the labor market appears to be resilient, even as growth slows, driven in part by expansion of the services sector. Migrant flows and possible labor hoarding in overcapacity sectors may also help explain this. Yet, while the latter two factors help serve as shock absorbers- contributing to labor market stability in the short term-if they persist, they may delay the needed adjustment process, contributing to an inefficient allocation of resources and curtailing productivity gains. This paper quantifies to what extent structural trends and the reform pace affect employment growth under the new normal. Delays in reform implementation would weaken growth prospects in the medium term, running the risk that job creation will fall below policy targets, leading to labor market pressures in the future. In contrast, successful transition might require faster reforms, including in the overcapacity and state-owned enterprise sectors, supported by well targeted social safety nets.
|
| 538 |
|
|
|a Mode of access: Internet
|
| 700 |
1 |
|
|a Liu, Xiaoguang.
|
| 700 |
1 |
|
|a Schipke, Alfred.
|
| 830 |
|
0 |
|a IMF Working Papers; Working Paper ;
|v No. 2015/151
|
| 856 |
4 |
0 |
|z Full text available on IMF
|u http://elibrary.imf.org/view/journals/001/2015/151/001.2015.issue-151-en.xml
|z IMF e-Library
|